Franchising podnikání pod cizím jménem

Gespeichert in:
Bibliographische Detailangaben
1. Verfasser: Řezníčková, Martina
Format: Buch
Sprache:Tschechisch
Veröffentlicht: Praha C.H. Beck 2004
Ausgabe:2. vyd.
Schriftenreihe:Právo a hospodářství
Schlagworte:
Tags: Tag hinzufügen
Keine Tags, Fügen Sie das erste Tag hinzu!

MARC

LEADER 00000nam$a2200000$$$4500
001 0019435
005 20240313132918.3
020 |a 80-7179-894-0 
041 0 |a cze 
044 |a CZ 
245 1 0 |a Franchising  |b podnikání pod cizím jménem  |c Martina Řezníčková 
250 |a 2. vyd. 
264 1 |a Praha  |b C.H. Beck  |c 2004 
300 |a xvii, 205 s. 
490 1 |a Právo a hospodářství 
830 0 |a Právo a hospodářství 
610 2 0 |a franchising 
610 2 0 |a podnikanie 
610 2 0 |a právo obchodné 
610 2 0 |a súťaž hospodárska 
610 2 0 |a Česko 
610 2 0 |a Európska únia 
610 2 0 |a právo komunitárne 
610 2 0 |a nástroje marketingové 
100 1 |a Řezníčková, Martina